000 00889nam a22002897a 4500
001 3160665
003 OSt
005 20210419092043.0
008 750501s1975 nyuaf 001 0 eng
010 _a 75002856
020 _a0385041861
040 _aDLC
_cDLC
_dDLC
050 0 0 _aAG
080 _a94
_bP-41
082 0 0 _294
245 0 4 _aThe People's almanac /
_c[edited] by David Wallechinsky and Irving Wallace.
250 _a1st ed.
260 _aGarden City, N.Y. :
_bDoubleday,
_c1975.
300 _axvi, 1478 p., [24] leaves of plates :
_bill. ;
_c24 cm.
500 _aIncludes index.
650 0 _aHandbooks, vade-mecums, etc.
_xHistory of America
653 _aამერიკის ისტორია
700 1 _aWallechinsky, David,
_d1948-
700 1 _aWallace, Irving,
_d1916-1990.
906 _a7
_bcbc
_corignew
_d1
_eocip
_f19
_gy-gencatlg
942 _2udc
_cBK
999 _c356
_d356